LIBRARY & INFORMATION CENTRE, KCAET, TAVANUR

ONLINE PUBLIC ACCESS CATALOGUE (OPAC)

Introduction to fuzzy control / (Record no. 11295)

MARC details
000 -LEADER
fixed length control field 00509cam a2200205ua 4500
041 ## - LANGUAGE CODE
Language code of text/sound track or separate title eng
082 ## - DEWEY DECIMAL CLASSIFICATION NUMBER
Classification number 003.36
Item number DRI/IN
100 ## - MAIN ENTRY--AUTHOR NAME
Personal name Driankov, D .
245 ## - TITLE STATEMENT
Title Introduction to fuzzy control /
250 ## - EDITION STATEMENT
Edition statement 2 /
260 ## - PUBLICATION, DISTRIBUTION, ETC. (IMPRINT)
Place of publication New York :
Name of publisher Springer Verlag ,
Year of publication 1996.
300 ## - PHYSICAL DESCRIPTION
Number of Pages 316 ; .
700 1# - ADDED ENTRY--PERSONAL NAME
Personal name Hellendoorn, H .
700 1# - ADDED ENTRY--PERSONAL NAME
Personal name Reinfrank, M .
942 ## - ADDED ENTRY ELEMENTS (KOHA)
Koha item type Books
Holdings
Withdrawn status Lost status Damaged status Home library Current library Date acquired Full call number Accession Number Koha item type
      KAUAET   07/04/2012 003.36 20795 Books
free website counter